01353nam a2200421 a 4500001001000000003000900010005001700019007000300036008003300039020001800072040003000090082002800120100000600148245011300154260000900267264011700276300003200393336002700425337003500452338003000487490002000517500000600537650002600543650003400569700002200603700002300625700001900648700002300667700002100690700002200711700002100733700004100754700002500795700002700820700002600847700002500873700003300898000011466DO-SdBPM20250729103028.0ta091019s2012 mx a 000 d spa d a9786078092376 aDO-SdBNPbspacBPMSUerda 4a808.82 bD763d 2012222 a 10aLa dramaturgia en Iberoamerica :bantología /cBeatriz Catani, Óscar Cornago, Elisa Lucas... [y otros].  a c  aMéxico, D. F. : bAgencia Española de Cooperación Internacinal para el Desarrollo : bIberescena, c2012 a435 páginas ;c23 cm.b  atextobtxt2rdacontent asin mediación bn2rdamedia  avolumen bnc2rdacarrier 0 aDramaturgia v  a  7aTeatro xColecciones 7aTeatro xHistoria y crítica1 aCornago, Oscar. 1 aCatani, Beatriz. 1 aLucas, Elisa. 1 a Carrera, ximena. 1 aRubiano, Fabio. 1 aÁvila, Roxana. 1 a Morera, Ailyn. 1 aMoreno Montenegro, Juan Francisco. 1 aMora, José Manuel.1 aHiriart, Berta,d1950-1 aKirchhausen, Maritza.1 aOvalle, Elizabeth. 1 aPeveroni, Gabriel, d1969-